| 000 | 00737nam a2200241Ia 4500 | ||
|---|---|---|---|
| 003 | IT-RoPAU | ||
| 008 | 120407s9999 xx 000 0 und d | ||
| 040 | _aIT-RoPAU | ||
| 040 | _cIT-RoPAU | ||
| 041 | _aita | ||
| 100 | _aHamilton A. R. Gibb | ||
| 245 | _aL’islamismo: una introduzione storica. | ||
| 250 | _aBologna | ||
| 260 | _aIl Mulino | ||
| 260 | _c1970 | ||
| 300 | _a285 p. | ||
| 300 | _c21 cm | ||
| 490 | _aCollana di studi religiosi L.4000. | ||
| 490 | _v1 | ||
| 600 | _a"Tit. orig. Mohammedanism: an historical survey. Trad. M. T. Dal Pozzolo. Introduzione all’edizione italiana di V. Poggi. 1. Islamismo I - Dal, Pozzolo Maria Teresa II - Poggi Vincenzo." | ||
| 942 | _cBK | ||
| 999 |
_c31443 _d31443 |
||